000 00696nam a2200217Ia 4500
003 GCL
008 140319s9999 xx 000 0 ara d
040 _aGCL /
_cGCL
082 0 4 _a658.401
_bد م
100 1 _aدال، فرانسوا
245 1 0 _aمستقبل السياسات الادارية /
_cدال، فرانسوا
700 1 _aكابالية، ج بونين
700 1 _aاحمد فؤاد نجيب
300 _a360 ص
490 _aالهيئة العامة للاستعلامات
_v0
650 0 4 _aالادارة
650 0 4 _aالادارة العلمية
650 0 4 _aالسياسات الادارية
650 0 4 _aالهياكل التنظيمية
942 _2ddc
_cBK
999 _c49454
_d49454